[Event "17th Aeroflot Open-A 2019"]
[Site "Moscow"]
[Date "2019.02.22"]
[Round "3.37"]
[White "Karthik Venkataraman"]
[Black "Paravyan, David"]
[Result "0-1"]
[WhiteElo "2494"]
[BlackElo "2627"]
[Annotator "ChessBase"]
[PlyCount "98"]
[EventDate "2019.02.19"]
[EventCountry "RUS"]
[SourceTitle "playchess.com"]
[Source "ChessBase"]
[SourceQuality "1"]
[TimeControl "40/5400+30:1800+30"]

1. e4 {[%emt 0:00:00]} e5 {[%emt 0:00:00]} 2. Nf3 {[%emt 0:00:00]} Nc6 {[%emt 0:00:00]} 3. Bb5 {[%emt 0:00:00]} Nf6 {[%emt 0:00:00]} 4. d3 {[%emt 0:00:00]} Bc5 {[%emt 0:00:00]} 5. Ba4 {[%emt 0:00:00]} O-O {[%emt 0:01:28]} 6. c3 {[%emt 0:00:02]} d6 {[%emt 0:00:17]} 7. Bg5 {[%emt 0:00:23]} Bb6 {[%emt 0:20:11]} 8. Nbd2 {[%emt 0:01:21]} Be6 {[%emt 0:00:07]} 9. Qe2 {[%emt 0:03:48]} Kh8 {[%emt 0:03:04]} 10. Bh4 {[%emt 0:13:30]} Ne7 {[%emt 0:01:07]} 11. Bxf6 {[%emt 0:23:50]} gxf6 {[%emt 0:00:17]} 12. d4 {[%emt 0:00:39]} Rg8 {[%emt 0:01:12]} 13. g3 {[%emt 0:00:09]} a5 {[%emt 0:05:59]} 14. Nc4 {[%emt 0:02:38]} Ba7 {[%emt 0:02:02]} 15. Ne3 {[%emt 0:02:22]} c6 {[%emt 0:05:49]} 16. Rd1 {[%emt 0:01:04]} Qc7 {[%emt 0:03:38]} 17. Nh4 {[%emt 0:03:57]} exd4 {[%emt 0:15:43]} 18. cxd4 {[%emt 0:00:09]} d5 {[%emt 0:03:50]} 19. exd5 {[%emt 0:05:30]} Nxd5 {[%emt 0:00:41]} 20. Qf3 {[%emt 0:04:24]} Rae8 {[%emt 0:03:11]} 21. O-O {[%emt 0:07:44]} Qf4 {[%emt 0:01:04]} 22. Qxf4 {[%emt 0:00:07]} Nxf4 {[%emt 0:00:05]} 23. Kh1 {[%emt 0:00:07]} Nd5 {[%emt 0:03:01]} 24. Nef5 {[%emt 0:06:53]} b5 {[%emt 0:04:44]} 25. Bc2 {[%emt 0:00:44]} Nb4 {[%emt 0:00:06]} 26. Bb1 {[%emt 0:00:04]} Bd5+ {[%emt 0:03:14]} 27. Kg1 {[%emt 0:02:39]} Nxa2 {[%emt 0:02:57]} 28. Bxa2 {[%emt 0:01:23]} Bxa2 {[%emt 0:00:05]} 29. Ra1 {[%emt 0:00:08]} Bc4 {[%emt 0:00:42]} 30. Rfc1 {[%emt 0:00:04]} Re4 {[%emt 0:06:28]} 31. Rxa5 {[%emt 0:02:08]} Bxd4 {[%emt 0:00:15]} 32. Nxd4 {[%emt 0:00:05]} Rxd4 {[%emt 0:00:05]} 33. Nf5 {[%emt 0:00:03]} Rd2 {[%emt 0:00:20]} 34. Ne3 {[%emt 0:00:14]} Be6 {[%emt 0:00:57]} 35. b4 {[%emt 0:03:10]} Rc8 {[%emt 0:01:10]} 36. Rb1 {[%emt 0:06:26]} Kg8 {[%emt 0:02:21]} 37. Ra7 {[%emt 0:01:56]} Kf8 {[%emt 0:06:56]} 38. h4 {[%emt 0:00:26]} Rd7 {[%emt 0:00:48]} 39. Ra6 {[%emt 0:01:17]} Rd4 {[%emt 0:00:26]} 40. Ra7 {[%emt 0:00:00]} Rd7 {[%emt 0:00:00]} 41. Ra6 {[%emt 0:00:32]} Ke7 {[%emt 0:07:17]} 42. Kg2 {[%emt 0:01:46]} Rd4 {[%emt 0:07:53]} 43. Ra7+ {[%emt 0:00:37]} Kd6 {[%emt 0:00:31]} 44. Rb2 {[%emt 0:03:14]} h6 {[%emt 0:01:21]} 45. Kf3 {[%emt 0:02:44]} f5 {[%emt 0:00:27]} 46. Rb1 {[%emt 0:00:24]} Ke5 {[%emt 0:00:41]} 47. Rb2 {[%emt 0:04:33]} f4 {[%emt 0:02:20]} 48. Ng4+ {[%emt 0:00:08]} Kf5 {[%emt 0:02:22]} 49. Nxh6+ {[%emt 0:00:31]} Kg6 {[%emt 0:00:07]} 0-1

[Event "17th Aeroflot Open-A 2019"]
[Site "Moscow"]
[Date "2019.02.22"]
[Round "3.38"]
[White "Henderson de La Fuente, Lance"]
[Black "Vaibhav, Suri"]
[Result "0-1"]
[WhiteElo "2490"]
[BlackElo "2575"]
[Annotator "ChessBase"]
[PlyCount "86"]
[EventDate "2019.02.19"]
[EventCountry "RUS"]
[SourceTitle "playchess.com"]
[Source "ChessBase"]
[SourceQuality "1"]
[TimeControl "40/5400+30:1800+30"]

1. e4 {[%emt 0:00:00]} c6 {[%emt 0:00:00]} 2. d4 {[%emt 0:00:00]} d5 {[%emt 0:00:01]} 3. e5 {[%emt 0:00:00]} c5 {[%emt 0:00:06]} 4. dxc5 {[%emt 0:00:05]} e6 {[%emt 0:00:06]} 5. Nf3 {[%emt 0:00:13]} Bxc5 {[%emt 0:00:09]} 6. a3 {[%emt 0:00:19]} Ne7 {[%emt 0:00:07]} 7. b4 {[%emt 0:00:14]} Bb6 {[%emt 0:00:06]} 8. Bb2 {[%emt 0:00:13]} a5 {[%emt 0:01:01]} 9. Nbd2 {[%emt 0:00:27]} axb4 {[%emt 0:00:14]} 10. axb4 {[%emt 0:00:08]} Rxa1 {[%emt 0:00:05]} 11. Qxa1 {[%emt 0:01:06]} O-O {[%emt 0:00:18]} 12. Bd3 {[%emt 0:03:49]} Na6 {[%emt 0:00:11]} 13. Qa3 {[%emt 0:05:52]} Ng6 {[%emt 0:01:11]} 14. O-O {[%emt 0:04:27]} Qe7 {[%emt 0:03:42]} 15. b5 {[%emt 0:10:28]} Nc5 {[%emt 0:13:51]} 16. Bxg6 {[%emt 0:08:34]} hxg6 {[%emt 0:15:48]} 17. c4 {[%emt 0:03:41]} Bd8 {[%emt 0:14:43]} 18. Rc1 {[%emt 0:13:13]} b6 {[%emt 0:00:26]} 19. cxd5 {[%emt 0:04:42]} exd5 {[%emt 0:00:12]} 20. Nb3 {[%emt 0:01:26]} Qb7 {[%emt 0:23:04]} 21. Nxc5 {[%emt 0:09:16]} bxc5 {[%emt 0:00:05]} 22. Qxc5 {[%emt 0:00:11]} Bd7 {[%emt 0:00:07]} 23. Rb1 {[%emt 0:05:51]} Bb6 {[%emt 0:06:33]} 24. Qb4 {[%emt 0:00:28]} Rc8 {[%emt 0:02:17]} 25. h3 {[%emt 0:10:16]} Rc4 {[%emt 0:04:18]} 26. Qe7 {[%emt 0:01:58]} Qc8 {[%emt 0:01:05]} 27. Qd6 {[%emt 0:02:43]} Bf5 {[%emt 0:05:54]} 28. Rd1 {[%emt 0:00:52]} Qb7 {[%emt 0:04:08]} 29. Bd4 {[%emt 0:01:26]} Bc7 {[%emt 0:02:09]} 30. Qe7 {[%emt 0:07:00]} Qxb5 {[%emt 0:00:03]} 31. Ra1 {[%emt 0:00:28]} Qb8 {[%emt 0:00:54]} 32. Ra7 {[%emt 0:04:29]} Be6 {[%emt 0:00:55]} 33. Ng5 {[%emt 0:02:02]} Qc8 {[%emt 0:02:04]} 34. Nxe6 {[%emt 0:00:19]} fxe6 {[%emt 0:00:13]} 35. f4 {[%emt 0:00:41]} Kh7 {[%emt 0:00:17]} 36. Bf2 {[%emt 0:00:31]} Qb8 {[%emt 0:00:51]} 37. Qxe6 {[%emt 0:00:30]} Rxf4 {[%emt 0:00:01]} 38. Ra1 {[%emt 0:00:31]} Rxf2 {[%emt 0:00:39]} 39. Ra6 {[%emt 0:00:26]} Rf8 {[%emt 0:00:55]} 40. Qxg6+ {[%emt 0:00:00]} Kg8 {[%emt 0:00:00]} 41. Qe6+ {[%emt 0:03:23]} Kh8 {[%emt 0:02:37]} 42. Qxd5 {[%emt 0:00:20]} Qb1+ {[%emt 0:09:43]} 43. Kh2 {[%emt 0:00:02]} Bb6 {[%emt 0:02:18]} 0-1

[Event "17th Aeroflot Open-A 2019"]
[Site "Moscow"]
[Date "2019.02.22"]
[Round "3.39"]
[White "Sargsyan, Shant"]
[Black "Narayanan, Srinath"]
[Result "1-0"]
[WhiteElo "2488"]
[BlackElo "2572"]
[Annotator "ChessBase"]
[PlyCount "55"]
[EventDate "2019.02.19"]
[EventCountry "RUS"]
[SourceTitle "playchess.com"]
[Source "ChessBase"]
[SourceQuality "1"]
[TimeControl "40/5400+30:1800+30"]

1. d4 {[%emt 0:00:12]} Nf6 {[%emt 0:00:51]} 2. c4 {[%emt 0:00:39]} e6 {[%emt 0:00:04]} 3. Nf3 {[%emt 0:00:45]} b6 {[%emt 0:00:11]} 4. g3 {[%emt 0:00:29]} Bb4+ {[%emt 0:00:06]} 5. Bd2 {[%emt 0:01:14]} Be7 {[%emt 0:00:09]} 6. Nc3 {[%emt 0:01:01]} Bb7 {[%emt 0:00:13]} 7. Bg2 {[%emt 0:00:31]} c6 {[%emt 0:01:05]} 8. O-O {[%emt 0:03:11]} d5 {[%emt 0:00:15]} 9. b3 {[%emt 0:00:42]} Nbd7 {[%emt 0:00:32]} 10. Qc2 {[%emt 0:01:02]} O-O {[%emt 0:00:08]} 11. Rfd1 {[%emt 0:01:48]} Rc8 {[%emt 0:00:08]} 12. e4 {[%emt 0:01:36]} c5 {[%emt 0:09:28]} 13. exd5 {[%emt 0:07:31]} exd5 {[%emt 0:00:17]} 14. Bf4 {[%emt 0:07:22]} dxc4 {[%emt 0:16:46]} 15. d5 {[%emt 0:03:13]} Nh5 {[%emt 0:04:21]} 16. Be3 {[%emt 0:06:57]} cxb3 {[%emt 0:38:35]} 17. axb3 {[%emt 0:00:23]} c4 {[%emt 0:02:42]} 18. Rxa7 {[%emt 0:06:58]} cxb3 {[%emt 0:00:11]} 19. Qxb3 {[%emt 0:00:48]} Bc5 {[%emt 0:01:22]} 20. Bg5 {[%emt 0:01:55]} Qc7 {[%emt 0:00:26]} 21. d6 {[%emt 0:00:48]} Qb8 {[%emt 0:07:13]} 22. Rxb7 {[%emt 0:00:31]} Qxb7 {[%emt 0:00:21]} 23. Ne5 {[%emt 0:00:15]} Qa7 {[%emt 0:00:07]} 24. Nb5 {[%emt 0:00:20]} Qa5 {[%emt 0:00:07]} 25. Nxd7 {[%emt 0:00:24]} Rfe8 {[%emt 0:00:05]} 26. Nxc5 {[%emt 0:00:48]} Re1+ {[%emt 0:00:07]} 27. Rxe1 {[%emt 0:00:06]} Qxe1+ {[%emt 0:00:04]} 28. Bf1 {[%emt 0:00:01]} 1-0

[Event "17th Aeroflot Open-A 2019"]
[Site "Moscow"]
[Date "2019.02.22"]
[Round "3.40"]
[White "Moroni, Luca Jr"]
[Black "Stupak, Kirill"]
[Result "1/2-1/2"]
[WhiteElo "2567"]
[BlackElo "2537"]
[Annotator "TA"]
[PlyCount "113"]
[EventDate "2019.02.19"]
[EventCountry "RUS"]
[SourceTitle "playchess.com"]
[Source "ChessBase"]
[SourceQuality "1"]

{[%evp 14,113,33,7,19,13,19,11,27,27,27,29,26,37,40,26,31,3,70,0,0,0,0,-19,49,0,0,0,29,0,0,-16,-19,-17,-11,-23,-12,-24,-37,-22,-32,-12,0,0,0,-36,83,83,104,108,116,72,173,92,108,7,76,76,76,75,75,76,79,79,79,79,79,79,125,119,154,23,23,23,23,23,23,23,23,23,22,22,17,11,12,12,12,12,43,12,41,0,0,0,0,0,0,0,0,0,0,0]} 1. d4 Nf6 2. c4 e6 3. Nf3 Bb4+ 4. Nbd2 O-O 5. e3 b6 6. Bd3 Bb7 7. O-O d5 8. b3 Be7 {E14: Queen's Indian: Classical Variation (4 e3)} 9. Bb2 Nbd7 10. Qc2 c5 11. cxd5 exd5 12. Rac1 Bd6 $146 ({Predecessor:} 12... Rc8 13. Qb1 Rc7 14. dxc5 bxc5 15. e4 dxe4 16. Nxe4 Nxe4 17. Bxe4 Bxe4 18. Qxe4 {½-½ (48) Seirawan,Y (2644)-Lapshun,Y (2384) Seattle 2002}) 13. dxc5 bxc5 14. Rfe1 Re8 15. Bf5 h6 (15... g6 $11) 16. Red1 (16. e4 $1 $14 d4 17. b4) 16... Qe7 $11 17. Qd3 a5 18. Nf1 Ne4 (18... a4 $11) 19. Ng3 (19. Bxe4 $5 Qxe4 20. Qb5 $16) 19... Nxg3 20. hxg3 Nf6 21. Qc3 a4 22. Nh4 axb3 23. axb3 Qc7 24. Bb1 Be5 25. Qc2 Bxb2 26. Qxb2 Qb6 27. Qc3 Ra5 28. Nf5 Rb5 29. Bc2 (29. Bd3 $5 {[%cal Rd3b5]} Ra5 30. Nd6 $11) 29... Bc8 {[#]} (29... g6 $15 {stays ahead.} 30. Nxh6+ Kg7) 30. Rxd5 $1 $16 {[%mdl 512] Black must now prevent Rd6.} Bxf5 (30... Nxd5 31. Qxg7#) 31. Rxf5 Rd8 32. Ra1 Qc7 (32... Nd5 $16 33. Qc4 Rb4) 33. Bd3 (33. Ra4 $18 {And now Rxf6 would win.} Qc6 34. Qc4) 33... Qd7 34. Rd1 ({White should play} 34. Bxb5 $16 Qxf5 35. Qa5) 34... Qxf5 (34... Rb6 $1 $11 {remains equal.} 35. Rxf6 {[%mdl 64] Remove Defender} Rxf6 36. Bh7+ {[%mdl 64] Discovered Attack} Kxh7 37. Rxd7 Rxd7) 35. Bxf5 Rxd1+ 36. Kh2 Rd8 {With the idea ...c4!} 37. e4 Rd4 38. f3 g6 39. Bc8 Nd7 40. Ba6 Rb8 41. Bc4 Nb6 42. Qa5 (42. Bb5 $16) 42... Nxc4 $11 43. Qxc5 {[%mdl 64] [#] Double Attack} Rdd8 {Strongly threatening ...Rdc8.} 44. bxc4 {[%mdl 4096] Endgame KQ-KRR} Rbc8 45. Qe3 h5 46. c5 Rc6 47. f4 Rdc8 48. f5 Rxc5 49. f6 {White threatens Qh6 and mate.} Kh7 50. e5 R5c6 51. Qb3 (51. g4 $5 hxg4 52. Qd2 $14) 51... Re6 52. Qb7 (52. g4 $5 hxg4 53. Qb7 $14) 52... Rf8 {The position is equal.} 53. Qc7 g5 54. g4 h4 55. g3 h3 56. Kxh3 Kg8 57. Kg2 {Accuracy: White = 47%, Black = 52%.} 1/2-1/2

[Event "17th Aeroflot Open-A 2019"]
[Site "Moscow"]
[Date "2019.02.23"]
[Round "4.1"]
[White "Chigaev, Maksim"]
[Black "Sasikiran, Krishnan"]
[Result "0-1"]
[WhiteElo "2613"]
[BlackElo "2678"]
[Annotator "TA"]
[PlyCount "86"]
[EventDate "2019.02.19"]
[EventCountry "RUS"]
[SourceTitle "playchess.com"]
[Source "ChessBase"]
[SourceQuality "1"]

{[%evp 11,86,8,15,13,18,18,21,14,12,0,0,-6,-9,-16,0,0,0,0,0,0,0,0,0,0,0,-7,-7,-5,-8,-28,-26,-69,-67,-111,-134,-144,-151,-120,-143,-262,-168,-442,-325,-709,-703,-674,-415,-369,0,-600,-300,-812,-777,-743,-687,-1212,-1209,-1208,-1164,-902,-698,-688,-678,-640,-167,-181,-167,-162,-181,-173,-164,-161,-157,-308,-290,-469,-405]} 1. e4 e5 2. Nf3 Nc6 3. Bc4 Bc5 4. O-O Nf6 5. d3 d6 6. c3 h6 7. a4 {Threatens to win with b4. C54: Giuoco Piano: 4 c3 Nf6, main lines with 5 d4 and 5 d3} (7. Re1 O-O 8. h3 a5 9. Nbd2 Be6 10. Bb5 Qb8 11. Nf1 Qa7 12. Be3 Bxe3 13. Nxe3 Ne7 14. a4 Ng6 15. Bc4 Bxc4 16. Nxc4 {1-0 (64) Karjakin,S (2753)-Svidler,P (2737) St Petersburg 2018}) 7... a5 8. Be3 Bxe3 9. fxe3 {The position is equal.} Ne7 $146 ({Predecessor:} 9... O-O 10. Nbd2 d5 11. exd5 Nxd5 12. Qe2 Nb6 13. Bb5 Qe7 14. d4 {1-0 (36) Chigaev,M (2593)-Bocharov,I (2565) Kazan 2018}) 10. d4 O-O 11. Nbd2 Ng6 12. Qe1 c6 13. Nh4 Nxh4 14. Qxh4 Be6 15. Bxe6 fxe6 16. Qh3 Qe7 17. dxe5 dxe5 18. Nc4 Nd7 19. Rxf8+ Rxf8 20. Nxa5 Nc5 21. Nc4 Qd7 22. Qg3 Nxe4 23. Qe1 Qd5 24. b3 b5 $1 {[%cal Rb5c4]} 25. Nb6 (25. Rd1 $17 {was worth a try.} Qc5 26. Nb2) 25... Qxb3 {And now ...bxa4 would win.} 26. a5 $2 (26. axb5 {was called for.} cxb5 27. Nd7) 26... Rf2 27. Kh1 $2 (27. Qb1 Qxb1+ 28. Rxb1) 27... Qb2 $19 28. Rb1 Qa2 29. Ra1 Qb2 $2 (29... Re2 30. Qf1 Rf2) 30. Rb1 Qa3 31. c4 $2 {[#]} (31. Ra1 Qb2) 31... b4 $1 {[%mdl 512]} 32. a6 (32. Rxb4 Qxb4) 32... Qxa6 33. Qxb4 Qa2 34. Nd7 Kh7 35. Qb8 Rf7 36. Nxe5 {[#]} Rf8 $3 {[%mdl 512]} 37. Qb4 (37. Qxf8 Qxb1+) 37... c5 $2 (37... Rf5 38. Ng4 h5 {[%mdl 64] Trapped Piece}) 38. Qe1 Nd2 $40 {[%mdl 128] Black wants a kill.} 39. Ra1 Qb2 40. Nd3 Qc3 41. Nf4 {[#]} e5 $1 {[%cal Re5f4]} 42. Rc1 $2 (42. Ne2 $17 {was forced.} Qxe3 43. Ng3) 42... Qa5 43. Ra1 $2 {[#]} (43. Rc2 exf4 44. Rxd2) 43... Qb4 $1 {Accuracy: White = 37%, Black = 70%.} 0-1

[Event "17th Aeroflot Open-A 2019"]
[Site "Moscow"]
[Date "2019.02.23"]
[Round "4.2"]
[White "Deac, Bogdan-Daniel"]
[Black "Fedoseev, Vladimir"]
[Result "1/2-1/2"]
[WhiteElo "2603"]
[BlackElo "2715"]
[Annotator "TA"]
[PlyCount "40"]
[EventDate "2019.02.19"]
[EventCountry "RUS"]
[SourceTitle "playchess.com"]
[Source "ChessBase"]
[SourceQuality "1"]

{[%evp 9,40,30,35,0,10,0,0,-12,7,23,26,20,25,35,36,29,35,18,18,16,50,47,49,9,11,16,36,42,33,41,8,15,129]} 1. e4 c5 2. Nf3 d6 3. d4 cxd4 4. Nxd4 Nf6 5. Nc3 a6 6. h4 {B90: Sicilian Najdorf: Unusual White 6th moves, 6 Be3 Ng4 and 6 Be3 e5} e5 7. Nb3 Be7 8. Bg5 Nbd7 9. a4 b6 10. Bc4 Bb7 11. Qe2 h6 12. Bxf6 Nxf6 13. Rd1 {[#]} Qc8 $146 ({Predecessor:} 13... h5) 14. Nd2 h5 15. Bb3 Qc5 16. Qc4 (16. O-O {feels hotter.} O-O 17. Nc4 b5 18. axb5 axb5 19. Ne3) 16... Qxc4 17. Nxc4 Nxe4 18. Nxe4 Bxe4 19. Nxd6+ Bxd6 20. Rxd6 Rd8 {Accuracy: White = 60%, Black = 62%.} (20... Rb8 $11 {keeps the balance.}) 1/2-1/2

[Event "17th Aeroflot Open-A 2019"]
[Site "Moscow"]
[Date "2019.02.23"]
[Round "4.3"]
[White "Korobov, Anton"]
[Black "Narayanan.S.L"]
[Result "1/2-1/2"]
[WhiteElo "2687"]
[BlackElo "2593"]
[Annotator "TA"]
[PlyCount "108"]
[EventDate "2019.02.19"]
[EventCountry "RUS"]
[SourceTitle "playchess.com"]
[Source "ChessBase"]
[SourceQuality "1"]

{[%evp 11,108,17,31,0,0,1,11,0,0,0,0,0,0,0,0,-26,-12,-16,42,42,43,50,41,45,39,35,37,31,47,22,41,37,70,61,87,63,77,43,57,62,50,59,66,58,70,0,8,8,12,0,0,0,0,11,12,14,86,71,71,43,53,18,15,15,15,15,15,15,17,20,65,62,116,107,84,70,69,70,70,114,106,70,70,70,70,70,68,68,70,68,69,0,0,0,0,0,0,0,0]} 1. d4 Nf6 2. c4 e6 3. Nc3 Bb4 4. Nf3 O-O 5. Bg5 h6 6. Bh4 c5 7. Rc1 {E21: Nimzo-Indian: 4 Nf3} cxd4 8. Nxd4 d5 9. cxd5 g5 10. Bg3 Qxd5 11. a3 Bxc3+ $1 12. bxc3 Ne4 13. e3 $146 ({Predecessor:} 13. f3 Nxg3 14. hxg3 {½-½ (45) Harikrishna,P (2743)-Kramnik,V (2779) Batumi 2018}) 13... e5 14. Nb5 Qxd1+ (14... Qc5 $1 $11 15. Qa4 Bf5) 15. Rxd1 $14 Nc6 16. f3 Nxg3 17. hxg3 Kg7 18. Nc7 Rb8 19. Rd6 Rh8 20. e4 h5 21. Kf2 Kf8 22. Bc4 {Rb1 is the strong threat.} Ke7 $1 {[%cal Re7d6]} 23. Rhd1 h4 24. g4 (24. R6d5 {with more complications.} h3 25. gxh3 Rxh3 26. g4 b6 27. Bb5) 24... Rd8 25. Rxd8 Nxd8 26. Nd5+ Kf8 27. Nf6 Ne6 28. g3 ({Better is} 28. Nd7+ $14 Bxd7 29. Rxd7) 28... hxg3+ 29. Kxg3 b5 30. Bb3 Rb7 31. Rd5 Ke7 32. Ng8+ Kf8 33. Nh6 f6 (33... a6 $11) 34. Nf5 Rb6 35. Rd2 Rc6 36. Rh2 Ke8 $1 ({But not} 36... Rxc3 $2 37. Rh8+ Kf7 38. Bd5 $18) 37. c4 Nf4 38. cxb5 {[#] White threatens Rh8+ and mate.} Rc3 {Hoping for ...Bxf5.} 39. Rb2 Bxf5 40. gxf5 $11 {[%mdl 4096] Endgame KRB-KRN} Nd3 41. Rb1 Nc5 (41... Nf4 $14) 42. Bd5 $16 Rxa3 43. Kg4 Nd3 44. b6 axb6 45. Rxb6 Ra1 46. Kh5 {[#] Black must now prevent Kg6.} Nf4+ 47. Kh6 Ke7 48. Kg7 Nh5+ 49. Kg8 Nf4 50. Rb7+ Kd6 $1 51. Kf7 (51. Bf7 $14) 51... Nxd5 $11 {The position is equal.} 52. exd5 Ra3 $1 53. Kxf6 {aiming for Rb6+.} Rxf3 54. Kxg5 Kxd5 {Accuracy: White = 69%, Black = 66%.} 1/2-1/2

[Event "17th Aeroflot Open-A 2019"]
[Site "Moscow"]
[Date "2019.02.23"]
[Round "4.4"]
[White "Kulaots, Kaido"]
[Black "Martirosyan, Haik M."]
[Result "1/2-1/2"]
[WhiteElo "2542"]
[BlackElo "2616"]
[Annotator "RC"]
[PlyCount "47"]
[EventDate "2019.02.19"]
[EventCountry "RUS"]
[SourceTitle "playchess.com"]
[Source "ChessBase"]
[SourceQuality "1"]
[TimeControl "40/5400+30:1800+30"]

1. e4 {[%emt 0:00:00]} e5 {[%emt 0:00:00]} 2. Nf3 {[%emt 0:00:00]} Nc6 {[%emt 0:00:11]} 3. Bb5 {[%emt 0:00:09]} Nf6 {[%emt 0:00:39]} 4. O-O {[%emt 0:00:32]} Nxe4 {[%emt 0:00:42]} 5. d4 {[%emt 0:01:43]} Nd6 {[%emt 0:00:22]} 6. Bxc6 {[%emt 0:00:11]} dxc6 {[%emt 0:00:07]} 7. dxe5 {[%emt 0:00:06]} Nf5 {[%emt 0:00:06]} 8. Qxd8+ {[%emt 0:00:08]} Kxd8 {[%emt 0:00:05]} 9. h3 {[%emt 0:00:12]} h5 {[%emt 0:02:48]} 10. Nc3 {[%emt 0:00:41]} Be7 {[%emt 0:01:44]} 11. Bf4 {[%emt 0:05:01]} Bd7 {[%emt 0:13:02]} 12. Rad1 {[%emt 0:07:02]} Kc8 {[%emt 0:00:21]} 13. Bg5 {[%emt 0:05:44]} Re8 {[%emt 0:09:38]} 14. Bxe7 {[%emt 0:02:06]} Rxe7 {[%emt 0:00:14]} 15. Ne2 {[%emt 0:02:59]} b6 {[%emt 0:14:08]} 16. Nf4 {[%emt 0:06:09]} h4 {[%emt 0:00:23]} 17. Rfe1 {[%emt 0:14:57]} Kb7 {[%emt 0:02:22]} 18. Kh2 {[%emt 0:06:43]} Rae8 {[%emt 0:06:47]} 19. g4 {[%emt 0:08:58]} hxg3+ {[%emt 0:00:43]} 20. fxg3 {[%emt 0:00:05]} c5 {[%emt 0:08:05]} 21. Nd5 {[%emt 0:02:13]} Re6 {[%emt 0:00:43]} 22. Nf4 {[%emt 0:00:12]} R6e7 {[%emt 0:00:30]} 23. Nd5 {[%emt 0:19:33]} Re6 {[%emt 0:00:33]} 24. Nf4 {[%emt 0:02:24]} 1/2-1/2

[Event "17th Aeroflot Open-A 2019"]
[Site "Moscow"]
[Date "2019.02.23"]
[Round "4.5"]
[White "Zhou, Jianchao"]
[Black "Antipov, Mikhail Al."]
[Result "1/2-1/2"]
[WhiteElo "2615"]
[BlackElo "2589"]
[Annotator "TA"]
[PlyCount "37"]
[EventDate "2019.02.19"]
[EventCountry "RUS"]
[SourceTitle "playchess.com"]
[Source "ChessBase"]
[SourceQuality "1"]

{[%evp 9,37,45,58,39,64,3,25,0,0,-4,-4,-18,-16,-18,-18,-19,-16,-14,-10,-16,0,-6,-16,-5,-34,-22,-13,-2,0,0]} 1. d4 Nf6 2. Nf3 c6 3. Bf4 Qb6 (3... g6 4. Nbd2 Bg7 5. c3 O-O 6. e4 d6 7. Be2 Nbd7 8. O-O Re8 9. h3 e5 10. dxe5 Nxe5 11. Nxe5 dxe5 {1-0 (40) Caruana,F (2811)-Gabuzyan,H (2571) chess.com INT 2018}) 4. Qc1 Nh5 5. Bd2 $146 ({Predecessor:} 5. Bg3 Nxg3 6. hxg3 g6 7. Nbd2 Bg7 8. c3 d6 9. e4 c5 10. dxc5 Qxc5 11. Bd3 {0-1 (46) Kovacevic,S (2310)-Burmakin,V (2590) Balaguer 2012}) 5... g6 6. a4 {A46: 1 d4 Nf6 2 Nf3 e6: Torre, London and Colle Systems} d6 7. Na3 (7. e4 $14) 7... Bg4 8. Nc4 {White has an edge.} Qc7 9. c3 Nd7 10. Ng5 h6 11. Ne3 hxg5 12. Nxg4 f5 13. h3 Bg7 14. Qc2 d5 ({Reject} 14... fxg4 $6 15. Qxg6+ Kf8 16. hxg4 $16) 15. Bxg5 O-O-O 16. Nh2 Ng3 17. Rg1 Nxe2 (17... Ne4 $5 18. Nf3 $8 Rde8 $11) 18. Bxe2 {[#] Threatens to win with Nf3.} Qxh2 19. O-O-O $1 {Precision: White = 56%, Black = 51%.} 1/2-1/2